Countries which can start WWIII (World War 3) - Statistics

General Stats
  • This quiz has been taken 326 times
    310 since last reset
  • The average score is 50 of 58
Answer Stats
Picture Answer % Correct
UK
100%
Ukraine
97%
China
96%
Russia
95%
France
94%
India
94%
Japan
94%
North Korea
94%
South Korea
94%
USA
94%
Germany
93%
Israel
93%
Canada
92%
Italy
92%
Mexico
92%
Pakistan
92%
Australia
91%
Brazil
91%
Netherlands
91%
Turkey
91%
Iran
90%
Belgium
89%
Greece
89%
New Zealand
89%
Poland
88%
Finland
87%
Iraq
87%
Ireland
87%
Portugal
87%
Spain
87%
Vietnam
87%
Argentina
86%
Saudi Arabia
86%
Sweden
86%
Egypt
85%
Norway
85%
Denmark
84%
EU
83%
Iceland
83%
NATO
83%
Austria
82%
Colombia
82%
Estonia
82%
Georgia
82%
Syria
82%
Taiwan
82%
Latvia
81%
Serbia
81%
Peru
80%
Venezuela
80%
Afghanistan
78%
Lithuania
78%
Philippines
77%
Algeria
76%
Azerbaijan
75%
Ecuador
74%
Armenia
73%
BRICS
67%
No matching quizzes found
Score Distribution
Percent of People with Each Score
Percentile by Number Answered
Your Score History
You have not taken this quiz since the last reset